000 00506nam a22001817a 4500
003 CEME
005 20210628203345.0
008 210115b xxu||||| |||| 00| 0 eng d
020 _a9783-527-406197
040 _cceme
082 _a629.28933 ROB
100 _aMonkman, Gareth.J, Hesse, Stefan, Steinmann, Ralf
_964952
245 _aRobot grippers
260 _aGERMANY
_bWILEY
_c2007
300 _aX,452P
650 _aROBOT GRIPPERS.MECHANICAL GRIPPERS.AUTOMATIC PREHENSION
_964953
942 _cBK
_2ddc
999 _c573299
_d573299